Etické pravidlá medzinárodných súdnych orgánov a tribunálov

Súčasný stav úpravy etických pravidiel v medzinárodnom súdnictve. Špecifiká medzinárodného súdnictva. Analýza existujúcich etických kódexov.

Na minha lista:
Detalhes bibliográficos
Autor principal: Klučka, Ján
Formato: Capítulo de Livro
Idioma:eslovaco
Assuntos:
Tags: Adicionar Tag
Sem tags, seja o primeiro a adicionar uma tag!

MARC

LEADER 00000naa a2200000 4500
001 0234068
005 20220719123442.1
041 0 |a slo 
044 |a SK 
245 1 0 |a Etické pravidlá medzinárodných súdnych orgánov a tribunálov  |c Ján Klučka 
520 |a Súčasný stav úpravy etických pravidiel v medzinárodnom súdnictve. Špecifiká medzinárodného súdnictva. Analýza existujúcich etických kódexov. 
610 2 0 |a súdnictvo 
610 2 0 |a kódexy etické 
610 2 0 |a právo medzinárodné 
100 1 |a Klučka, Ján